书目信息 |
| 题名: |
苏格兰女王玛丽
|
|
| 作者: | 庞丽霞 译 | |
| 分册: | ||
| 出版信息: | 北京 中国电力出版社 2005.01 |
|
| 页数: | 54页 | |
| 开本: | 20cm | |
| 丛书名: | ||
| 单 册: | ||
| 中图分类: | G634.413 | |
| 科图分类: | ||
| 主题词: | ||
| 电子资源: | ||
| ISBN: | 7-5083-2689-X | |
| 000 | 00538nam0 2200193 450 | |
| 001 | 0658824347 | |
| 005 | 20060605101507.07 | |
| 010 | @a7-5083-2689-X@dCNY 9.90 | |
| 100 | @a20060508d2005 km y0chiy0120 ea | |
| 101 | 0 | @achi |
| 102 | @aCN@b110000 | |
| 200 | 1 | @a苏格兰女王玛丽@Asu ge lan nu wang ma li@f庞丽霞译@Fpang li xia yi |
| 210 | @a北京@c中国电力出版社@d2005.01 | |
| 215 | @a54页@d20cm | |
| 690 | @aG634.413@v4 | |
| 701 | 0 | @a庞丽霞@Apang li xia@4译 |
| 801 | 0 | @aCN@bPFT@c20060605 |
| 905 | @dG634.413@eP317 | |
| 906 | @dCNY 9.90@n3@r1 | |
| 苏格兰女王玛丽/庞丽霞译.-北京:中国电力出版社,2005.01 |
| 54页;20cm |
| ISBN 7-5083-2689-X:CNY 9.90 |
| ● |
| 相关链接 |
|
|
|
正题名:苏格兰女王玛丽
索取号:G634.413/P317
 
预约/预借
| 序号 | 登录号 | 条形码 | 馆藏地/架位号 | 状态 | 备注 |
| 1 | 605404 | 206054044 | 社科库409/409社科库 8排3列5层/ [索取号:G634.413/P317] | 在馆 | |
| 2 | 605405 | 206054053 | 社科库409/409社科库 8排3列5层/ [索取号:G634.413/P317] | 在馆 |